00434 a2200181 4500001000700000003000400007005001700011008004100028082001800069100001700087245005400104250001200158260002500170300001100195653002100206700001700227760000800244065719OSt20251204104542.0  a005.133bD36C1 aDeitel, P.S.1 aC: how to programcBy P.s. Deitel And H.m. Deitel a5th ed. aNew DelhibPHIc2007 a1130p. aComputer Science aDeitel, H.M. b5th